Integration theory
Uloženo v:
| Hlavní autoři: | , |
|---|---|
| Médium: | Kniha |
| Jazyk: | angličtina |
| Vydáno: |
Berlín
Springer
1984
|
| Edice: | Lecture Notes in Mathematics, 1078
|
| Témata: | |
| Tagy: |
Přidat tag
Žádné tagy, Buďte první, kdo vytvoří štítek k tomuto záznamu!
|
MARC
| LEADER | 00000nam a2200000 a 4500 | ||
|---|---|---|---|
| 001 | UCP1698 | ||
| 003 | CL-VaPUC | ||
| 008 | 990426e19840000GW |||||||||||||||||eng|d | ||
| 082 | 0 | 4 | |a 515.4 |b JAN |2 21 |
| 100 | 0 | |a Janssen, A. J. E. M |e author |9 427880 | |
| 700 | 0 | |a Van der Steen, P |e author |9 427881 | |
| 245 | 1 | 0 | |a Integration theory |
| 300 | |a 224 p | ||
| 942 | |c BK | ||
| 945 | |d 19990426 00:00:00 |a rbrito | ||
| 260 | |a Berlín |b Springer |c 1984 | ||
| 650 | 0 | |a Integrales |9 260233 | |
| 650 | 0 | |a Topología |9 260092 | |
| 650 | 0 | |a Álgebra |9 259567 | |
| 650 | 7 | |a TEORIA DE INTEGRALES |2 CL-VaPUC |9 427882 | |
| 583 | |a last modification |c 19990426 00:00:00 |k Rodrigo Vera | ||
| 490 | 0 | |a Lecture Notes in Mathematics, 1078 | |
| 999 | |c 280353 |d 280351 | ||
| 952 | |0 0 |1 0 |4 0 |6 515_400000000000000_JAN_1984 |7 0 |8 A |9 320608 |a BIBMAT |b BIBMAT |d 2019-11-20 |i 3505995 |o 515.4 JAN 1984 |p 3505995 |r 2025-01-07 |w 2019-11-20 |y BK |k MAT | ||